Family transitions: continuity and change over the life cycle
| Beteiligte: | |
|---|---|
| Medienart: | Druck Buch |
| Sprache: | Englisch |
| Veröffentlicht: |
New York [u.a.]
Guildford Press
1988
|
| In: | Jahr: 1988 |
| Ausgabe: | 1. [print.] |
| Online-Zugang: |
Contributor biographical information Publisher description |
| Bestand in Tübingen: | In Tübingen vorhanden. UB: KB 18 A 5981 |
| Verfügbarkeit prüfen: | HBZ Gateway |
| Subito Bestelldienst: | Jetzt bestellen. |
| Schlagwörter: |
MARC
| LEADER | 00000cam a2200000 c 4500 | ||
|---|---|---|---|
| 001 | 026994577 | ||
| 003 | DE-627 | ||
| 005 | 20260206195306.0 | ||
| 007 | tu | ||
| 008 | 920806s1988 xxu||||| 00| ||eng c | ||
| 010 | |a 87028119 | ||
| 020 | |a 0898620740 |9 0-89862-074-0 | ||
| 035 | |a (DE-627)026994577 | ||
| 035 | |a (DE-603)020351240 | ||
| 035 | |a (DE-576)018361854 | ||
| 035 | |a (DE-599)GBV026994577 | ||
| 035 | |a (OCoLC)16801425 | ||
| 035 | |a (OCoLC)16801425 | ||
| 035 | |a (OCoLC)260164536 | ||
| 035 | |a (DE-604)8012231975 | ||
| 040 | |a DE-627 |b ger |c DE-627 |e rakwb | ||
| 041 | |a eng | ||
| 044 | |c XD-US |c XA-GB | ||
| 050 | 0 | |a RC488.5 | |
| 082 | 0 | |a 616.89/156 |q LOC |2 19 | |
| 082 | 0 | |a 616.89'156 | |
| 082 | 0 | |a 616.89156 |q LoC |2 DDC19oclc | |
| 084 | |a CU 8000 |2 rvk |0 (DE-625)rvk/19124: | ||
| 084 | |a MS 1900 |2 rvk |0 (DE-625)rvk/123624: | ||
| 084 | |a 77.63 |2 bkl | ||
| 245 | 0 | 0 | |a Family transitions |b continuity and change over the life cycle |c edited by Celia Jaes Falicov. Foreword by Salvador Minuchin |
| 250 | |a 1. [print.] | ||
| 264 | 1 | |a New York [u.a.] |b Guildford Press |c 1988 | |
| 300 | |a XX, 476 S |b graph. Darst |c 24 cm | ||
| 336 | |a Text |b txt |2 rdacontent | ||
| 337 | |a ohne Hilfsmittel zu benutzen |b n |2 rdamedia | ||
| 338 | |a Band |b nc |2 rdacarrier | ||
| 490 | 0 | |a The Guilford family therapy series | |
| 500 | |a Includes bibliographies and index | ||
| 505 | 8 | |a Literaturangaben | |
| 505 | 8 | |a Literaturangaben | |
| 583 | 1 | |a Archivierung prüfen |c 20240324 |f DE-4165 |z 1 |2 pdager | |
| 650 | 0 | |a Family psychotherapy | |
| 650 | 0 | |a Families | |
| 650 | 4 | |a Lebensverlaufsforschung | |
| 650 | 4 | |a Lebenszyklus | |
| 650 | 4 | |a Familiensoziologie | |
| 650 | 4 | |a Familienstruktur | |
| 650 | 4 | |a Familie | |
| 650 | 4 | |a Funktionswandel der Familie | |
| 650 | 4 | |a Psychotherapie | |
| 650 | 4 | |a Generation | |
| 655 | 7 | |a Aufsatzsammlung |0 (DE-588)4143413-4 |0 (DE-627)105605727 |0 (DE-576)209726091 |2 gnd-content | |
| 689 | 0 | 0 | |d g |0 (DE-588)4078704-7 |0 (DE-627)106076612 |0 (DE-576)209209682 |a USA |2 gnd |
| 689 | 0 | 1 | |d s |0 (DE-588)4077587-2 |0 (DE-627)106079697 |0 (DE-576)209205733 |a Sozialer Wandel |2 gnd |
| 689 | 0 | 2 | |d s |0 (DE-588)4016397-0 |0 (DE-627)104427175 |0 (DE-576)208915818 |a Familie |2 gnd |
| 689 | 0 | |5 (DE-627) | |
| 689 | 1 | 0 | |d s |0 (DE-588)4016421-4 |0 (DE-627)106333240 |0 (DE-576)208915915 |a Familientherapie |2 gnd |
| 689 | 1 | |5 (DE-627) | |
| 700 | 1 | |a Falicov, Celia Jaes |d 1940- |e Hrsg. |0 (DE-588)139914803 |0 (DE-627)613862015 |0 (DE-576)313785651 |4 edt | |
| 856 | 4 | 2 | |u http://www.loc.gov/catdir/bios/guilford051/87028119.html |x Verlag |y Contributor biographical information |7 1 |
| 856 | 4 | 2 | |u http://www.loc.gov/catdir/description/guilford051/87028119.html |x Verlag |y Publisher description |7 1 |
| 935 | |i Blocktest | ||
| 935 | |h HEB |i 0501 | ||
| 935 | |h HEB |i 0503 | ||
| 936 | r | v | |a CU 8000 |b Allgemeines, Einführungen, Gesamtdarstellungen |k Psychologie |k Klinische Psychologie |k Psychologische Behandlungsmethoden, Psychotherapie |k Allgemeines, Einführungen, Gesamtdarstellungen |0 (DE-627)1271481030 |0 (DE-625)rvk/19124: |0 (DE-576)201481030 |
| 936 | r | v | |a MS 1900 |b Allgemeine Darstellungen |k Soziologie |k Spezielle Soziologien |k Familiensoziologie |k Allgemeine Darstellungen |0 (DE-627)1270818015 |0 (DE-625)rvk/123624: |0 (DE-576)200818015 |
| 936 | b | k | |a 77.63 |j Soziale Interaktion |j soziale Beziehungen |0 (DE-627)106423460 |
| 936 | s | n | |a c200 |2 mzub |
| 936 | s | n | |a m200 |2 mzub |
| 951 | |a BO | ||
| ELC | |b 1 | ||
| LOK | |0 000 xxxxxcx a22 zn 4500 | ||
| LOK | |0 001 3324902061 | ||
| LOK | |0 003 DE-627 | ||
| LOK | |0 004 026994577 | ||
| LOK | |0 005 20151022132143 | ||
| LOK | |0 008 891220||||||||||||||||ger||||||| | ||
| LOK | |0 040 |a DE-21 |c DE-627 |d DE-21 | ||
| LOK | |0 852 |a DE-21 | ||
| LOK | |0 852 1 |c KB 18 A 5981 |9 00 | ||
| LOK | |0 935 |a krim | ||
| LOK | |0 939 |a 20-12-89 |b l01 | ||
| ORI | |a SA-MARC-krimdoka001.raw | ||
| SIG | |a UB: KB 18 A 5981 | ||
